000 00809cpcaa2200217 4500
001 mm 79004377
003 DLC
005 20260227111646.0
008 790130|||||||||||| eng
010 _amm 79004377
040 _aDLC
_cDLC
_edacs
_dDLC
072 7 _aC
_2lcmd
100 1 _aBrinsmade, Daniel N.
245 0 0 _aDaniel N. Brinsmade and D. Sherman Brinsmade receipted pay order,
_f1777.
300 _a1
_fitem.
506 0 _aOpen to research.
546 _aCollection material in English.
580 _aForms part of: Miscellaneous Manuscripts collection.
700 1 _aBrinsmade, D. Sherman.
_tDaniel N. Brinsmade and D. Sherman Brinsmade receipted pay order.
_f1777.
999 _c41505
_d41505